000 02852cam a2200325 4500500
005 20260111145850.0
041 _afre
042 _adc
100 1 0 _aRéau, Bertrand
_eauthor
245 0 0 _aEnchantements nocturnes : ethnographie de deux discothèques parisiennes
260 _c2006.
500 _a94
520 _aRésuméCertaines boîtes de nuit parisiennes mettent en scène l’ostentation de la richesse, la célébrité médiatique et les canons dominants de la beauté féminine. Pour les populations sensibles à ces critères de réussite sociale, ces lieux sont de véritables « paradis sociaux ». À partir d’une enquête de terrain et d’entretiens, cette étude montre les conditions de production et le fonctionnement de cette forme particulière d’enchantement social. Un cadre luxueux et une sélection drastique contribuent à perpétuer la croyance dans la magie des lieux. Pour ceux qui y ont accès, la contrepartie de leur élection est un autocontrôle relativement fort.
520 _aSome Parisian nightclubs stage ostentatious wealth, mediatic celebrity and the prevailing canons of feminine beauty. People sensitive to these criteria of social success regard these places as true « social paradises ». Based on fieldwork and interviews this ethnographic study shows under which conditions this peculiar form of social enchantment is produced and operates. A luxurious setting and a drastic selection of people to the entrance contribute to perpetuate the magic of the place. For those who have access to it the counterpart of their selection is a relatively strong self-control.
520 _aZusammenfassungEinige Pariser Nachtlokale inszenieren grosstuerisch das Reichtum, die Medienberühmtheit und die vorherrschenden Kanons der weiblichen Schönheit. Für die Leute, die für diese Kriterien des sozialen Erfolgs empfänglich sind, sind diese Orte echte « soziale Paradiese ». Diese ethnographische Studie zeigt unter welchen Umständen diese eigentümliche Form der sozialen Zauberung produziert wird und funktioniert. Ein luxuriöser Rahmen und eine drastische Selektion der Leute am Eintritt tragen dazu bei, den Zauber des Ortes zu bewahren. Für diejenigen, die Zutritt zu diesem Ort haben, ist die Gegenleistung für ihre Selektion eine verhältnismässig strenge Selbstkontrolle
690 _aboîte de nuit
690 _abourgeoisie
690 _aclub
690 _aluxe
690 _aprivilèges
690 _avie nocturne
690 _aclub
690 _aluxury
690 _amiddle class
690 _anightclub
690 _anightlife
690 _aprivileges
786 0 _nEthnologie française | 36 | 2 | 2006-06-01 | p. 333-339 | 0046-2616
856 4 1 _uhttps://shs.cairn.info/revue-ethnologie-francaise-2006-2-page-333?lang=fr&redirect-ssocas=7080
999 _c1636625
_d1636625